Largest cities in the Austro-Hungarian Empire TODAY - Statistics

General Stats
  • This quiz has been taken 283 times
    258 since last reset
  • The average score is 23 of 47
Answer Stats
Hint Answer % Correct
1,735,711 Budapest Hungary
100%
1,840,573 Wien Austria
100%
1,259,079 Praha Czech R.
98%
491,061 Bratislava Slovakia
96%
790,017 Zagreb Croatia
96%
761,900 Kraków Poland
91%
297.523 Sarajevo Bosnia
82%
377,440 Brno Czech R.
81%
728,545 Lviv Ukraine
76%
280.200 Graz Austria
74%
150.887 Salzburg Austria
73%
204,333 Debrecen Hungary
67%
274,826 Ljubljana Slovenia
65%
204,849 Trieste Italy
65%
324,576 Cluj Romania
63%
200.841 Linz Austria
61%
239.464 Košice Slovakia
57%
178,102 Split Croatia
57%
130.894 Innsbruck Austria
56%
231.798 Novi Sad Serbia
53%
147,719 Pécs Hungary
52%
161,837 Szeged Hungary
52%
319,279 Timișoara Romania
50%
294,200 Ostrava Czech R.
49%
169,033 Plzeň Czech R.
47%
128,567 Győr Hungary
44%
162,905 Miskolc Hungary
39%
128,624 Rijeka Croatia
34%
159,074 Arad Romania
33%
196,367 Oradea Romania
33%
173.748 Banja Luka Bosnia
32%
253,200 Brașov Romania
27%
118,185 Nyíregyháza Hungary
26%
108,048 Osijek Croatia
25%
105.681 Subotica Serbia
24%
229,447 Ivano-Frankivsk Ukraine
21%
102,411 Satu Mare Romania
20%
147,245 Sibiu Romania
20%
263,287 Chernivtsi Ukraine
19%
114,226 Kecskemét Hungary
19%
102,562 Liberec Czech R.
17%
245.000 Ternopil Ukraine
15%
105,713 Bozen Italy
14%
183.664 Rzeszów Poland
14%
134,290 Târgu Mureș Romania
14%
123,738 Baia Mare Romania
13%
111.830 Tarnów Poland
11%
No matching quizzes found
Score Distribution
Percent of People with Each Score
Percentile by Number Answered
Your Score History
You have not taken this quiz since the last reset